Cities and cultural exchange in Europe, 1400-1700

Αποθηκεύτηκε σε:
Λεπτομέρειες βιβλιογραφικής εγγραφής
Άλλοι συγγραφείς: Calabi, Donatella (Επιμελητής έκδοσης), Turk Christensen, Stephen (Επιμελητής έκδοσης)
Μορφή: Βιβλίο
Γλώσσα:English
Δημοσίευση: Cambridge; New York : Cambridge University Press, European Science Foundation, 2006-2007
Θέματα:
Ετικέτες: Προσθήκη ετικέτας
Δεν υπάρχουν, Καταχωρήστε ετικέτα πρώτοι!

MARC

LEADER 00000cam a2200000 i 4500
001 1/10840
008 101110s2007 eng d
020 |a 978-0-521-85553-2 (set) 
020 |a 978-0-521-84547-2 (hbk.) 
020 |a 0-521-84547-5 (τ.II) 
035 |l 10109180 
040 |a GR-MY-UA  |b gre  |e aacr 
041 0 |a eng 
082 0 |a 940.2  |2 (22) 
245 1 0 |a Cities and cultural exchange in Europe, 1400-1700 /  |c edited by Donatella Calabi and Stephen Turk Christensen 
260 |a Cambridge; New York :   |b Cambridge University Press,   |b European Science Foundation,   |c 2006-2007 
300 |a xxix, 423 σ.;  |c 24 εκ. 
500 |a Περιέχει βιβλιογραφία και ευρετήριο 
500 |a Σετ 4 τόμων: general editor Robert Muchembled; associate editor, William Monter 
650 0 0 |a Cities and towns  |z Europe  |x History. 
650 0 0 |a Urban geography  |z Europe. 
650 0 0 |a Urban policy  |z Europe  |x History. 
651 0 |a Europe  |x Religion. 
651 0 |a Europe  |x Civilization. 
651 0 |a Europe  |x Social conditions. 
700 1 |a Calabi, Donatella.  |4 edt 
700 1 |a Turk Christensen, Stephen.  |4 edt 
774 1 |t Cultural exchange in early modern Europe 
852 |a INST  |b LESVOS  |e 20101110  |h 940.2 CUL  |p 005100049620  |q 005100049620  |t BK  |y 0  |z τ.II 
852 |a INST  |b LESVOS  |e 20101110  |h 940.2 CUL  |p 005100049620  |q 005100049620  |t BK  |v τ.II:  |y 0  |z τ.II 
853 |a INST  |b LESVOS  |h 940.2 CUL 
901 |a BIBL1-2010-3 
909 |a Λ  |b 164984 
970 |a ΤΖΑΦΕΡΗ  |b ΕΥΑΓΓΕΛΙΑ  |z 2010/11/10